Statistics for All Poison type Pokémon

Click here to take the quiz!

General Stats

  • This quiz has been taken 160 times
    (57 since last reset)
  • The average score is 76 of 90

Answer Stats

TypeGenerationPokémon% Correct
Bug-Poison1Beedrill
100%
Grass-Poison1Bulbasaur
100%
Grass-Poison1Ivysaur
100%
Bug-Poison1Kakuna
100%
Grass-Poison1Venusaur
100%
Bug-Poison1Weedle
100%
Poison-Ground1Nidoking
98%
Poison-Ground1Nidoqueen
98%
1Nidoran♀
98%
1Nidoran♂
98%
1Nidorina
98%
1Nidorino
98%
Ghost-Poison1Gastly
95%
Ghost-Poison1Gengar
95%
Grass-Poison1Gloom
95%
Poison-Flying1Golbat
95%
Ghost-Poison1Haunter
95%
Grass-Poison1Oddish
95%
Water-Poison1Tentacool
95%
Water-Poison1Tentacruel
95%
Bug-Poison1Venomoth
95%
Bug-Poison1Venonat
95%
Grass-Poison1Vileplume
95%
Poison-Flying1Zubat
95%
Poison-Dark7Alolan Grimer
93%
Poison-Dark7Alolan Muk
93%
1Arbok
93%
Grass-Poison1Bellsprout
93%
Poison-Flying2Crobat
93%
Poison-Dark4Drapion
93%
Bug-Poison3Dustox
93%
1Ekans
93%
Poison-Fairy8Galarian Weezing
93%
1Grimer
93%
1Koffing
93%
1Muk
93%
Poison-Bug4Skorupi
93%
Grass-Poison1Victreebel
93%
Grass-Poison1Weepinbell
93%
1Weezing
93%
Poison-Fighting4Croagunk
90%
Bug-Poison5Scolipede
90%
Poison-Fighting4Toxicroak
90%
Bug-Poison5Venipede
90%
Bug-Poison5Whirlipede
90%
Poison-Dragon6Dragalge
88%
Dark-Poison8Hisuian Qwilfish
88%
Water-Poison2Qwilfish
88%
Poison-Fire7Salandit
88%
Poison-Fire7Salazzle
88%
5Garbodor
85%
Poison-Dragon7Naganadel
85%
3Seviper
85%
Electric-Poison8Toxtricity
85%
5Trubbish
85%
Bug-Poison2Ariados
83%
Grass-Poison4Budew
83%
Grass-Poison3Roselia
83%
Grass-Poison4Roserade
83%
Bug-Poison2Spinarak
83%
Electric-Poison8Toxel
83%
Fighting-Poison8Hisuian Sneasel
80%
Poison-Water6Skrelp
80%
Poison-Dark4Skuntank
80%
Poison-Dark4Stunky
80%
Poison-Dragon8Eternatus
78%
Steel-Poison9Varoom
78%
Grass-Poison5Amoonguss
75%
Dark-Poison8Overqwil
75%
7Poipole
75%
Grass-Poison5Foongus
73%
Poison-Water7Mareanie
73%
Rock-Poison7Nihilego
73%
Steel-Poison9Revavroom
73%
Fighting-Poison8Sneasler
73%
Poison-Water7Toxapex
73%
Poison-Fairy9Fezandipiti
70%
Poison-Normal9Grafaiai
70%
Poison-Normal9Shroodle
70%
Poison-Ground9Clodsire
68%
Poison-Fighting9Okidogi
68%
Poison-Ground9Paldean Wooper
68%
Rock-Poison9Glimmora
65%
Poison-Psychic9Munkidori
65%
Rock-Poison9Glimmet
63%
Fire-Poison9Iron Moth
63%
Poison-Psychic8Galarian Slowbro
53%
Poison-Psychic8Galarian Slowking
53%
3Gulpin
53%
3Swalot
53%

Score Distribution

Percentile by Number Answered

Percent of People with Each Score

Your Score History

You have not taken this quiz since the last reset